Wonder woman : (Record no. 7380)

MARC details
000 -LEADER
fixed length control field 00991nam a22002897a 4500
001 - CONTROL NUMBER
control field 7380
003 - CONTROL NUMBER IDENTIFIER
control field FISKH
005 - DATE AND TIME OF LATEST TRANSACTION
control field 20250717143926.0
008 - FIXED-LENGTH DATA ELEMENTS--GENERAL INFORMATION
fixed length control field 250711b cb ||||| |||| 00| 0 eng d
020 ## - INTERNATIONAL STANDARD BOOK NUMBER
International Standard Book Number 9780061885174
040 ## - CATALOGING SOURCE
Original cataloging agency FISKH
Language of cataloging eng
Transcribing agency FISKH
Modifying agency FISKH
050 ## - LIBRARY OF CONGRESS CALL NUMBER
Classification number PZ7.S8185 I
082 ## - DEWEY DECIMAL CLASSIFICATION NUMBER
Classification number 560
100 ## - MAIN ENTRY--PERSONAL NAME
Personal name Stein, Erin K.
245 ## - TITLE STATEMENT
Title Wonder woman :
Remainder of title I am wonder woman /
Statement of responsibility, etc. Written by Erin K. Stein ; Illustrated by Rick Farley
260 ## - PUBLICATION, DISTRIBUTION, ETC.
Place of publication, distribution, etc. New York :
Name of publisher, distributor, etc. Harper Collins,
Date of publication, distribution, etc. 2010.
300 ## - PHYSICAL DESCRIPTION
Extent 32 pages :
Other physical details color illustrations ;
Dimensions 23 cm
490 ## - SERIES STATEMENT
Series statement I can read :
Volume/sequential designation Reading with help 2
505 ## - FORMATTED CONTENTS NOTE
Formatted contents note G<br/>
520 ## - SUMMARY, ETC.
Summary, etc. Introduces Wonder Woman, the superhero amazon from Paradise Island who protects Earth using a magic lasso, protective armbands, and super strength.
521 8# - TARGET AUDIENCE NOTE
Target audience note 380<br/>
Source Lexile estimate<br/>
521 8# - TARGET AUDIENCE NOTE
Target audience note G<br/>
Source Raz-Plus<br/>
650 ## - SUBJECT ADDED ENTRY--TOPICAL TERM
Topical term or geographic name entry element Wonder Woman
Form subdivision FICTION
General subdivision superhero
700 ## - ADDED ENTRY--PERSONAL NAME
Personal name Farley, Rick
Relator term illustrator
942 ## - ADDED ENTRY ELEMENTS (KOHA)
Source of classification or shelving scheme Dewey Decimal Classification
Koha item type Books
Suppress in OPAC No
Holdings
Withdrawn status Lost status Source of classification or shelving scheme Damaged status Not for loan Collection Home library Current library Shelving location Date acquired Total Checkouts Full call number Barcode Date last seen Date last checked out Copy number Price effective from Koha item type
    Dewey Decimal Classification     Juvenile Fiction Footprints International School Library Network Toul Kork Campus Footprints International School Library Network Toul Kork Campus TK Primary Library Room(4th Floor), Bookcase 1&2, Shelves 1-16, Dark Blue Books 07/11/2025 1 STE 560 PZ7.S8185 I FISTK01280 03/25/2026 03/18/2026 1 07/11/2025 Books
    Dewey Decimal Classification     Juvenile Fiction Footprints International School Library Network Toul Tom Poung Campus Footprints International School Library Network Toul Tom Poung Campus TTP Primary Dark Blue Bookshelves 07/17/2025   STE 560 PZ7.S8185 I FISTK01286 07/17/2025   2 07/17/2025 Books